HIGH PLAINS TANGO A NOVEL (Record no. 11506)
[ view plain ]
| 000 -LEADER | |
|---|---|
| fixed length control field | 00340nam a2200133Ia 4500 |
| 008 - FIXED-LENGTH DATA ELEMENTS--GENERAL INFORMATION | |
| fixed length control field | 240624s9999 xx 000 0 und d |
| 041 ## - LANGUAGE CODE | |
| Language code of text/sound track or separate title | eng |
| 082 ## - DEWEY DECIMAL CLASSIFICATION NUMBER | |
| Classification number | 823 WAL |
| 100 ## - MAIN ENTRY--PERSONAL NAME | |
| Personal name | WALLER ROBERT JAMES |
| 245 ## - TITLE STATEMENT | |
| Title | HIGH PLAINS TANGO A NOVEL |
| 260 ## - PUBLICATION, DISTRIBUTION, ETC. | |
| Date of publication, distribution, etc. | 2005 |
| Place of publication, distribution, etc. | New York |
| Name of publisher, distributor, etc. | Shaye areheart books |
| 300 ## - PHYSICAL DESCRIPTION | |
| Extent | 281 : p. : cm. ; 24 |
| 365 ## - TRADE PRICE | |
| Currency code | |
| Price amount | 20 |
| Withdrawn status | Lost status | Damaged status | Not for loan | Home library | Current library | Shelving location | Date acquired | Source of acquisition | Cost, normal purchase price | Total Holds | Full call number | Barcode | Date last seen | Copy number | Price effective from | Koha item type |
|---|---|---|---|---|---|---|---|---|---|---|---|---|---|---|---|---|
| IMTN | IMTN | Rack 41-A | 11/05/2008 | WBD | 24.95 | 518 | 823 WAL | 11506 | 06/24/2024 | 48 | 06/24/2024 | Books |